00808nas a2200241Ia 4500001001600000003001000016008004100026040002500067041001200092100001600104210001900120222001900139240008700158245008700245250001100332260000900343501012300352300001400475362001700489500002800506650002100534700001100555A02/R012-29547 IT-MiCISF161014c99999999xx |||||||||||| ||und|| aIT-MiCISFcIT-MiCISF aINGLESE aWeston Ruth aFamily Matters aFamily Matters aQuality of School Life in Government, Catholic and Other Private Secondary Schools 0aQuality of School Life in Government, Catholic and Other Private Secondary Schools a1a ed. c1998 bCISF - Centro Internazionale Studi Famiglia - Via Giotto, 36 20145 MILANO (non commercial uses only)cCopyright 2016 app. 56-61 an. 50 [1998] a Tema: scuola, famiglia aSCUOLAvarticolo aAA.VV.